000 00768nam a2200289Ia 4500
001 5634
005 20240113233841.0
007 ta
008 050622s1995 g b000 u eng u
020 _a81-85392-22-6
040 _aCotton College,Assam
041 _aeng
082 _a821.09
_bMc 459 Cr
100 _aMchenry, Robert .
245 0 _aCritics on Dryden /
_cRobert Mchenry and D.G. Lougee.
_hTextual Documents
250 _a1st ed. /
260 _aNew Delhi :
_bUniversal Book Stall ,
_c1995.
300 _a114p. ;
_c21cm.
504 _aBib.
653 _aEnglish literature-Criticism
653 _aDryden-Criticism
653 _aPG-English
700 _aLougee, D.G. .
942 _2ddc
_cBK
999 _c5621
_d5621